[Event "Verbandsliga Suedbaden 2223"]
[Site "Germany"]
[Date "2023.04.02"]
[Round "8.4"]
[White "Metz, Hartmut"]
[Black "Fruehe, Norbert"]
[Result "1-0"]
[WhiteElo "2187"]
[BlackElo "1922"]
[PlyCount "121"]
[EventDate "2022.09.25"]
[EventType "team-tourn"]
[EventRounds "9"]
[EventCountry "GER"]
[SourceTitle "EXT 2024"]
[Source "ChessBase"]
[SourceDate "2023.10.10"]
[SourceVersion "1"]
[SourceVersionDate "2023.10.10"]
[SourceQuality "1"]
[WhiteTeam "Kuppenheim"]
[BlackTeam "Hoerden"]
[WhiteTeamCountry "GER"]
[BlackTeamCountry "GER"]

1. e4 e5 2. Nf3 Nc6 3. d4 exd4 4. Nxd4 Nf6 5. Nc3 d6 6. Bc4 Be7 7. 0-0 0-0 8. Re1 Nxd4 9. Qxd4 Be6 10. h3 Bxc4 11. Qxc4 Re8 12. Bf4 Qd7 13. Rad1 Nh5 14. Bh2 g6 15. Nd5 Bd8 16. c3 c6 17. Ne3 Be7 18. Ng4 Bf8 19. Qd3 Rad8 20. c4 Qe6 21. Kf1 Nf6 22. Nxf6+ Qxf6 23. b3 h6 24. Qd4 Qxd4 25. Rxd4 f6 26. f3 Kf7 27. Red1 c5 28. Rd5 Ke6 29. g4 Rd7 30. Kf2 Red8 31. f4 Kf7 32. Kf3 Be7 33. Bg3 Bf8 34. Bf2 b6 35. a4 Be7 36. Bg3 Bf8 37. h4 Be7 38. h5 g5 39. e5 fxe5 40. fxg5 Bxg5 41. Bxe5 Ke6 42. Bg3 Rf7+ 43. Kg2 Be7 44. Re1+ Kd7 45. Rd2 Bf8 46. Re4 Be7 47. Rxe7+ Kxe7 48. Bh4+ Rf6 49. Kg3 Rdf8 50. Rd5 Ke6 51. Bxf6 Rxf6 52. g5 hxg5 53. Kg4 Rf4+ 54. Kxg5 Rf3 55. Kg6 Rxb3 56. Rg5 Rc3 57. h6 Rxc4 58. h7 Rh4 59. Rh5 Rxa4 60. h8Q Ra5 61. Qe8# 1-0

[Event "Wch Seniors 50 28th"]
[Site "Bled"]
[Date "2018.11.18"]
[Round "1"]
[White "Lopez de Turiso, Jose Angel"]
[Black "Metz, Hartmut"]
[Result "1/2-1/2"]
[WhiteElo "1934"]
[BlackElo "2296"]
[PlyCount "55"]
[EventDate "2018.11.18"]
[EventType "swiss"]
[EventRounds "11"]
[EventCountry "SLO"]
[SourceTitle "CBM 187 Extra"]
[Source "ChessBase"]
[SourceDate "2018.11.04"]
[SourceVersion "1"]
[SourceVersionDate "2018.11.04"]
[SourceQuality "1"]

1. e4 c6 2. Nf3 d5 3. Nc3 dxe4 4. Nxe4 Nf6 5. Ng3 h5 6. h4 Bg4 7. Be2 e6 8. Ng5 Qc7 9. d4 Nbd7 10. c4 Rd8 11. Be3 Bb4+ 12. Kf1 Bd6 13. N3e4 Bf4 14. Qd2 Bxe3 15. Qxe3 Bxe2+ 16. Qxe2 0-0 17. Rd1 c5 18. Rh3 cxd4 19. Rxd4 Ng4 20. Rhd3 Ndf6 21. Rxd8 Rxd8 22. Rxd8+ Qxd8 23. Nxf7 Kxf7 24. Ng5+ Ke8 25. Qxe6+ Qe7 26. Qc8+ Qd8 27. Qe6+ Qe7 28. Qc8+ 1/2-1/2